| 000 | 00500nam a22001337a 4500 | ||
|---|---|---|---|
| 082 |
_a385.1 _bECO _cD |
||
| 110 |
_aTRANSPORTATION AND WATER DEPARTMENT _938378 |
||
| 245 |
_aTHE ECONOMIC ROLE OF RAILWAYS DETERMINANTS OF RAILWAY TRAFFIC WORKING PAPERS _bTHE ECONOMIC ROLE OF RAILWAYS DETERMINANTS OF RAILWAY TRAFFIC WORKING PAPERS |
||
| 260 |
_aWASHINGTON DC _bTHE WORLD BANK _c1979 |
||
| 300 |
_a140P.: _c25CM |
||
| 526 |
_a0 _b0 _c0 _d385_100000000000000_ECO |
||
| 650 |
_aNUST _96342 |
||
| 942 |
_2ddc _cBK |
||
| 999 |
_c543001 _d543001 |
||